[Event "Torneio Nacional de Mestres e Honra"]
[Site "Centro de Estagio do Jamor"]
[Date "2019.08.15"]
[Round "3.1"]
[White "Fernandes, Miguel"]
[Black "Ferreira, Hugo"]
[Result "0-1"]
[BlackElo "2142"]
[WhiteElo "2108"]
[WhiteTeam "Aa Coimbra"]
[BlackTeam "Ferroviarios do Barreiro"]
[LiveChessVersion "1.4.8"]

1. d4 {[%clk 1:30:56]} Nf6 {[%clk 1:30:49]} 2. c4 {[%clk 1:31:19]} g6
{[%clk 1:31:10]} 3. Nc3 {[%clk 1:31:42]} d5 {[%clk 1:31:32]} 4. cxd5
{[%clk 1:31:55]} Nxd5 {[%clk 1:31:52]} 5. Bd2 {[%clk 1:32:14]} Bg7
{[%clk 1:32:13]} 6. e4 {[%clk 1:32:39]} Nb6 {[%clk 1:32:34]} 7. Be3
{[%clk 1:32:42]} O-O {[%clk 1:32:46]} 8. Be2 {[%clk 1:31:58]} Nc6
{[%clk 1:29:01]} 9. Nf3 {[%clk 1:31:39]} Bg4 {[%clk 1:27:12]} 10. d5
{[%clk 1:31:48]} Bxf3 {[%clk 1:25:41]} 11. gxf3 {[%clk 1:32:09]} Ne5
{[%clk 1:15:48]} 12. Qb3 {[%clk 1:30:38]} c6 {[%clk 1:08:49]} 13. f4
{[%clk 1:27:19]} Ned7 {[%clk 1:07:04]} 14. dxc6 {[%clk 1:21:30]} bxc6
{[%clk 1:07:19]} 15. e5 {[%clk 1:21:20]} Rb8 {[%clk 1:02:14]} 16. Qc2
{[%clk 1:18:24]} Nd5 {[%clk 0:54:51]} 17. Nxd5 {[%clk 1:08:05]} cxd5
{[%clk 0:55:05]} 18. Qd2 {[%clk 1:06:46]} Qc7 {[%clk 0:47:29]} 19. Rc1
{[%clk 1:05:19]} Qb7 {[%clk 0:47:25]} 20. Bd4 {[%clk 1:05:31]} Bh6
{[%clk 0:38:18]} 21. O-O {[%clk 1:03:29]} Rfc8 {[%clk 0:33:55]} 22. Rxc8+
{[%clk 1:01:42]} Rxc8 {[%clk 0:33:47]} 23. Rc1 {[%clk 1:01:46]} Rc7
{[%clk 0:23:33]} 24. Kg2 {[%clk 0:56:18]} Rxc1 {[%clk 0:16:48]} 25. Qxc1
{[%clk 0:56:41]} Nf8 {[%clk 0:12:35]} 26. Bg4 {[%clk 0:50:59]} Qa6
{[%clk 0:11:15]} 27. Qc5 {[%clk 0:50:21]} Bxf4 {[%clk 0:06:51]} 28. Qxd5
{[%clk 0:48:27]} h5 {[%clk 0:06:07]} 29. Bf3 {[%clk 0:44:14]} Ne6
{[%clk 0:03:46]} 30. Bc3 {[%clk 0:41:19]} Bg5 {[%clk 0:02:30]} 31. Kg1
{[%clk 0:36:04]} Qa4 {[%clk 0:02:12]} 32. Be4 {[%clk 0:26:24]} Kg7
{[%clk 0:02:23]} 33. f3 {[%clk 0:19:20]} Be3+ {[%clk 0:02:31]} 34. Kh1
{[%clk 0:18:30]} Bg5 {[%clk 0:02:25]} 35. a3 {[%clk 0:17:44]} Qa6
{[%clk 0:02:42]} 36. Qd3 {[%clk 0:15:52]} Qb6 {[%clk 0:03:05]} 37. Qf1
{[%clk 0:14:17]} Qe3 {[%clk 0:03:19]} 38. Qe1 {[%clk 0:13:55]} Qc5
{[%clk 0:02:01]} 39. h4 {[%clk 0:11:58]} Bf4 {[%clk 0:01:39]} 40. Bb4
{[%clk 0:12:22]} Qd4 {[%clk 0:01:06]} 41. Bc3 {[%clk 0:12:48]} Qc4
{[%clk 0:01:20]} 42. Qd1 {[%clk 0:12:43]} Bg3 {[%clk 0:01:12]} 43. Qd3
{[%clk 0:12:39]} Qc5 {[%clk 0:01:16]} 44. Qd2 {[%clk 0:12:22]} Bxe5
{[%clk 0:01:05]} 45. Bd5 {[%clk 0:10:09]} Bxc3 {[%clk 0:01:28]} 46. Qxc3+
{[%clk 0:10:31]} Qxc3 {[%clk 0:01:53]} 47. bxc3 {[%clk 0:10:57]} Nc5
{[%clk 0:01:43]} 48. Bc6 {[%clk 0:09:12]} Kf6 {[%clk 0:01:38]} 49. Kg2
{[%clk 0:09:22]} Kf5 {[%clk 0:01:42]} 50. Kf2 {[%clk 0:09:35]} e5
{[%clk 0:01:48]} 51. c4 {[%clk 0:09:18]} f6 {[%clk 0:01:07]} 52. Be8
{[%clk 0:08:42]} a5 {[%clk 0:00:40]} 53. Ke3 {[%clk 0:09:07]} g5 {[%clk 0:00:56]}
54. Bxh5 {[%clk 0:09:25]} gxh4 {[%clk 0:01:25]} 55. Bg4+ {[%clk 0:09:40]} Kg5
{[%clk 0:01:44]} 56. Bh3 {[%clk 0:10:04]} f5 {[%clk 0:02:02]} 57. Bg2
{[%clk 0:10:00]} Ne6 {[%clk 0:01:42]} 58. Bf1 {[%clk 0:10:11]} Kg6
{[%clk 0:01:26]} 59. Kf2 {[%clk 0:10:23]} Kf6 {[%clk 0:01:26]} 60. Ke2
{[%clk 0:10:25]} e4 {[%clk 0:01:41]} 61. fxe4 {[%clk 0:09:53]} fxe4
{[%clk 0:02:08]} 62. Ke3 {[%clk 0:10:12]} Ke5 {[%clk 0:02:34]} 63. Bh3
{[%clk 0:10:13]} Nf4 {[%clk 0:01:43]} 64. Bf1 {[%clk 0:10:32]} h3
{[%clk 0:02:08]} 0-1

[Event "Torneio Nacional de Mestres e Honra"]
[Site "Centro de Estagio do Jamor"]
[Date "2019.08.15"]
[Round "3.2"]
[White "Margarido, Jose"]
[Black "Eggert, Alberto"]
[Result "1-0"]
[BlackElo "2103"]
[WhiteElo "2135"]
[WhiteTeam "Profigaia/ Escola Profiss"]
[BlackTeam "Amadora Xadrez"]
[LiveChessVersion "1.4.8"]

1. d4 {[%clk 1:30:59]} Nf6 {[%clk 1:30:14]} 2. Nf3 {[%clk 1:31:25]} e6
{[%clk 1:27:42]} 3. g3 {[%clk 1:31:43]} d5 {[%clk 1:22:22]} 4. Bg2
{[%clk 1:32:12]} c6 {[%clk 1:22:21]} 5. O-O {[%clk 1:32:28]} a6 {[%clk 1:22:40]}
6. b3 {[%clk 1:25:57]} b5 {[%clk 1:20:11]} 7. c4 {[%clk 1:23:18]} bxc4
{[%clk 1:19:39]} 8. bxc4 {[%clk 1:23:47]} Nbd7 {[%clk 1:19:46]} 9. Nbd2
{[%clk 1:17:13]} Rb8 {[%clk 1:17:00]} 10. Qc2 {[%clk 1:15:52]} c5
{[%clk 1:16:59]} 11. cxd5 Nxd5 {[%clk 1:17:11]} 12. Nc4 {[%clk 1:06:03]} Be7
{[%clk 1:15:14]} 13. Bb2 {[%clk 0:58:55]} O-O {[%clk 1:15:22]} 14. Rfd1
{[%clk 0:58:41]} Qc7 {[%clk 1:15:19]} 15. dxc5 {[%clk 0:54:07]} Rb5
{[%clk 1:05:11]} 16. Bd4 {[%clk 0:46:02]} Bxc5 {[%clk 1:03:11]} 17. Rac1
{[%clk 0:40:06]} Bxd4 {[%clk 0:44:50]} 18. Nxd4 {[%clk 0:37:03]} Rc5
{[%clk 0:44:54]} 19. Nb3 {[%clk 0:35:00]} Nb4 {[%clk 0:43:37]} 20. Qd2
{[%clk 0:28:16]} Rxc4 {[%clk 0:41:25]} 21. Qxb4 {[%clk 0:28:28]} Rxc1
{[%clk 0:35:57]} 22. Rxc1 {[%clk 0:28:51]} Qe5 {[%clk 0:36:19]} 23. Nd4
{[%clk 0:24:54]} Nb8 {[%clk 0:24:36]} 24. e3 {[%clk 0:21:31]} Bd7
{[%clk 0:24:36]} 25. Qb6 {[%clk 0:15:59]} h6 {[%clk 0:22:42]} 26. Bb7
{[%clk 0:15:30]} Qh5 {[%clk 0:18:21]} 27. Bf3 {[%clk 0:11:19]} Qg6
{[%clk 0:17:42]} 28. Rc3 {[%clk 0:07:17]} Bb5 {[%clk 0:17:00]} 29. Rc1
{[%clk 0:04:16]} Bd3 {[%clk 0:14:34]} 30. h4 {[%clk 0:04:21]} Nd7
{[%clk 0:14:46]} 31. Qd6 {[%clk 0:04:26]} Nf6 {[%clk 0:14:05]} 32. Nc6
{[%clk 0:03:12]} Qh7 {[%clk 0:13:24]} 33. Ne7+ {[%clk 0:01:41]} Kh8
{[%clk 0:13:48]} 34. Ng6+ {[%clk 0:01:31]} Qxg6 {[%clk 0:14:12]} 35. Qxf8+
{[%clk 0:01:59]} Kh7 {[%clk 0:14:13]} 36. Qb4 {[%clk 0:01:04]} e5
{[%clk 0:14:27]} 37. Qd2 {[%clk 0:00:54]} e4 {[%clk 0:14:47]} 38. Bg2
{[%clk 0:00:33]} Ng4 {[%clk 0:13:00]} 39. a4 {[%clk 0:00:32]} Ne5
{[%clk 0:12:44]} 40. Qb2 {[%clk 0:00:39]} f6 {[%clk 0:12:51]} 41. Rc8
{[%clk 0:00:39]} Qg4 {[%clk 0:12:42]} 42. Rc1 {[%clk 0:00:35]} Nf3+
{[%clk 0:09:55]} 43. Bxf3 {[%clk 0:00:42]} exf3 {[%clk 0:10:20]} 44. Qd4
{[%clk 0:00:34]} Be4 {[%clk 0:08:17]} 45. Rc4 {[%clk 0:00:38]} f5
{[%clk 0:08:32]} 46. Rc7 {[%clk 0:00:41]} Qg6 {[%clk 0:06:06]} 47. Qe5
{[%clk 0:00:44]} Qg4 {[%clk 0:06:18]} 48. Kh2 {[%clk 0:00:42]} Bd3
{[%clk 0:06:37]} 49. Qd4 {[%clk 0:00:35]} Bf1 {[%clk 0:05:56]} 50. Kg1
{[%clk 0:00:32]} Be2 {[%clk 0:06:01]} 51. Qxg4 {[%clk 0:00:33]} fxg4
{[%clk 0:06:26]} 52. h5 {[%clk 0:00:45]} Kg8 {[%clk 0:05:39]} 53. Rd7
{[%clk 0:00:50]} g6 {[%clk 0:04:28]} 54. hxg6 {[%clk 0:00:53]} h5
{[%clk 0:04:54]} 55. e4 {[%clk 0:00:34]} 1-0

[Event "Torneio Nacional de Mestres e Honra"]
[Site "Centro de Estagio do Jamor"]
[Date "2019.08.15"]
[Round "3.3"]
[White "Reis, Luis Sousa"]
[Black "Fidalgo, Andre"]
[Result "1-0"]
[BlackElo "2261"]
[WhiteElo "2161"]
[WhiteTeam "Axportugal /Atlantidiagonal"]
[BlackTeam "Santoantoniense FC"]
[LiveChessVersion "1.4.8"]

1. e4 {[%clk 1:29:13]} c5 {[%clk 1:30:52]} 2. Nf3 {[%clk 1:29:18]} Nc6
{[%clk 1:31:15]} 3. Bb5 {[%clk 1:27:44]} g6 {[%clk 1:31:36]} 4. O-O
{[%clk 1:25:50]} Bg7 {[%clk 1:31:57]} 5. Bxc6 {[%clk 1:24:03]} dxc6
{[%clk 1:32:12]} 6. d3 {[%clk 1:23:34]} Bg4 {[%clk 1:28:54]} 7. Nbd2
{[%clk 1:20:18]} Nf6 {[%clk 1:29:14]} 8. h3 {[%clk 1:20:10]} Bxf3
{[%clk 1:27:12]} 9. Nxf3 {[%clk 1:18:18]} Nd7 {[%clk 1:27:31]} 10. Be3
{[%clk 1:15:06]} e5 {[%clk 1:23:15]} 11. Qd2 {[%clk 1:11:16]} Qe7
{[%clk 1:22:07]} 12. a3 {[%clk 1:06:02]} h6 {[%clk 1:08:22]} 13. b4
{[%clk 0:55:06]} c4 {[%clk 0:50:01]} 14. dxc4 {[%clk 0:49:24]} Rd8
{[%clk 0:37:52]} 15. Bxa7 {[%clk 0:38:59]} b6 {[%clk 0:24:45]} 16. Qe3
{[%clk 0:37:53]} c5 {[%clk 0:23:47]} 17. bxc5 {[%clk 0:37:51]} bxc5
{[%clk 0:24:11]} 18. Rab1 {[%clk 0:37:04]} Ra8 {[%clk 0:21:52]} 19. Rb7
{[%clk 0:33:48]} Qd6 {[%clk 0:22:09]} 20. Qd3 {[%clk 0:25:55]} Qc6
{[%clk 0:20:18]} 21. Qd5 {[%clk 0:20:58]} Qxd5 {[%clk 0:17:44]} 22. cxd5
{[%clk 0:21:11]} Bf8 {[%clk 0:18:05]} 23. Nd2 {[%clk 0:19:33]} f5
{[%clk 0:16:41]} 24. Rfb1 {[%clk 0:16:34]} Be7 {[%clk 0:16:13]} 25. Kf1
{[%clk 0:14:42]} Rf8 {[%clk 0:16:12]} 26. Ke2 {[%clk 0:14:33]} Bg5
{[%clk 0:14:51]} 27. Nc4 {[%clk 0:14:44]} Be7 {[%clk 0:14:28]} 28. Nb6
{[%clk 0:11:58]} Nxb6 {[%clk 0:14:31]} 29. R1xb6 {[%clk 0:12:19]} fxe4
{[%clk 0:14:41]} 30. Re6 {[%clk 0:12:02]} 1-0

[Event "Torneio Nacional de Mestres e Honra"]
[Site "Centro de Estagio do Jamor"]
[Date "2019.08.15"]
[Round "3.4"]
[White "Rocha, Sergio"]
[Black "Dias, Paulo"]
[Result "1-0"]
[BlackElo "2314"]
[WhiteElo "2353"]
[WhiteTeam "FC Barreirense"]
[BlackTeam "A.Xat - Montemor-O-Novo"]
[LiveChessVersion "1.4.8"]

1. e4 {[%clk 1:30:56]} e5 {[%clk 1:26:34]} 2. Nf3 {[%clk 1:31:18]} Nc6
{[%clk 1:26:59]} 3. Bc4 {[%clk 1:31:41]} Nf6 {[%clk 1:23:21]} 4. d3
{[%clk 1:32:04]} h6 {[%clk 1:22:14]} 5. c3 {[%clk 1:32:21]} d6 {[%clk 1:22:24]}
6. O-O {[%clk 1:31:34]} g6 {[%clk 1:22:36]} 7. Re1 {[%clk 1:31:12]} Bg7
{[%clk 1:22:00]} 8. Nbd2 {[%clk 1:29:10]} O-O {[%clk 1:22:02]} 9. Bb3
{[%clk 1:29:11]} Re8 {[%clk 1:14:40]} 10. Nf1 {[%clk 1:26:43]} Na5
{[%clk 1:07:25]} 11. Bc2 {[%clk 1:25:51]} c5 {[%clk 1:07:45]} 12. a3
{[%clk 1:16:51]} Nc6 {[%clk 1:01:02]} 13. b4 {[%clk 1:17:09]} a6 {[%clk 1:00:47]}
14. Bb2 {[%clk 1:15:35]} b5 {[%clk 0:57:40]} 15. Ne3 {[%clk 1:13:08]} Bb7
{[%clk 0:54:28]} 16. Bb3 {[%clk 1:11:40]} a5 {[%clk 0:46:37]} 17. Nh4
{[%clk 1:01:17]} Nxe4 {[%clk 0:29:39]} 18. Nxg6 {[%clk 0:52:09]} c4
{[%clk 0:20:22]} 19. Bc2 {[%clk 0:46:46]} Nxf2 {[%clk 0:17:55]} 20. Kxf2
{[%clk 0:46:50]} fxg6 {[%clk 0:16:57]} 21. dxc4 {[%clk 0:46:56]} bxc4
{[%clk 0:16:06]} 22. Kg1 {[%clk 0:46:52]} Qg5 {[%clk 0:07:50]} 23. Be4
{[%clk 0:45:11]} axb4 {[%clk 0:07:27]} 24. axb4 {[%clk 0:40:59]} Rxa1
{[%clk 0:07:44]} 25. Bxa1 {[%clk 0:41:11]} Rf8 {[%clk 0:03:08]} 26. Qxd6
{[%clk 0:34:57]} Qf4 {[%clk 0:02:10]} 27. Bd5+ {[%clk 0:26:03]} Kh7
{[%clk 0:02:19]} 28. Re2 {[%clk 0:24:44]} Rf6 {[%clk 0:00:34]} 29. Qc5
{[%clk 0:24:28]} Nd8 {[%clk 0:00:31]} 30. g3 {[%clk 0:16:42]} Qg5
{[%clk 0:00:37]} 31. Bxb7 {[%clk 0:15:07]} Nxb7 {[%clk 0:00:56]} 32. Qxc4
{[%clk 0:15:25]} e4 {[%clk 0:00:32]} 33. Qxe4 {[%clk 0:15:11]} Nd6
{[%clk 0:00:32]} 34. Qg4 {[%clk 0:12:40]} Qb5 {[%clk 0:01:00]} 35. c4
{[%clk 0:12:35]} Qxb4 {[%clk 0:00:37]} 36. Bxf6 {[%clk 0:12:54]} 1-0

[Event "Torneio Nacional de Mestres e Honra"]
[Site "Centro de Estagio do Jamor"]
[Date "2019.08.15"]
[Round "3.5"]
[White "Fidalgo, Daniel"]
[Black "Rodrigues, Afonso"]
[Result "1-0"]
[BlackElo "2134"]
[WhiteElo "2089"]
[WhiteTeam "Santoantoniense FC"]
[BlackTeam "A.Xat - Montemor-O-Novo"]
[LiveChessVersion "1.4.8"]

1. c4 {[%clk 1:30:58]} e5 {[%clk 1:28:55]} 2. g3 {[%clk 1:31:18]} Nc6
{[%clk 1:28:33]} 3. Bg2 {[%clk 1:31:33]} d6 {[%clk 1:28:41]} 4. Nc3
{[%clk 1:31:56]} Be6 {[%clk 1:28:52]} 5. Nf3 {[%clk 1:32:16]} f5 {[%clk 1:10:13]}
6. d4 {[%clk 1:25:37]} e4 {[%clk 1:10:19]} 7. Ng5 {[%clk 1:23:45]} Bd7
{[%clk 1:05:18]} 8. f3 {[%clk 1:18:59]} Be7 {[%clk 0:58:11]} 9. Nh3
{[%clk 1:18:22]} Bf6 {[%clk 0:43:34]} 10. e3 {[%clk 1:17:50]} exf3
{[%clk 0:40:50]} 11. Qxf3 {[%clk 1:18:15]} Nge7 {[%clk 0:37:40]} 12. O-O
{[%clk 1:13:05]} O-O {[%clk 0:32:26]} 13. Nf4 {[%clk 1:09:55]} g6
{[%clk 0:24:36]} 14. Bd2 {[%clk 1:07:24]} Bg7 {[%clk 0:24:26]} 15. b4
{[%clk 1:00:47]} Nxb4 {[%clk 0:16:08]} 16. Rab1 {[%clk 1:00:55]} Nbc6
{[%clk 0:16:23]} 17. Rxb7 {[%clk 1:00:43]} Rb8 {[%clk 0:16:32]} 18. Rxb8
{[%clk 0:57:59]} Qxb8 {[%clk 0:17:01]} 19. Rb1 {[%clk 0:58:17]} Qc8
{[%clk 0:16:59]} 20. Nfd5 {[%clk 0:52:36]} Nxd5 {[%clk 0:08:07]} 21. Nxd5
{[%clk 0:48:46]} Qa6 {[%clk 0:08:17]} 22. Nxc7 {[%clk 0:48:01]} Qxa2
{[%clk 0:08:42]} 23. Qd1 {[%clk 0:48:03]} Rb8 {[%clk 0:05:53]} 24. Rxb8+
{[%clk 0:45:34]} Nxb8 {[%clk 0:06:21]} 25. c5 {[%clk 0:45:51]} Bc6
{[%clk 0:03:01]} 26. d5 {[%clk 0:37:03]} Ba4 {[%clk 0:03:19]} 27. Qc1
{[%clk 0:37:24]} Bb2 {[%clk 0:02:52]} 28. Qe1 {[%clk 0:37:14]} dxc5
{[%clk 0:03:09]} 29. d6 {[%clk 0:34:59]} Qa1 {[%clk 0:03:37]} 30. Bd5+
{[%clk 0:33:30]} Kh8 {[%clk 0:03:27]} 31. Qxa1 {[%clk 0:32:55]} Bxa1
{[%clk 0:03:56]} 32. Ne6 {[%clk 0:33:00]} Nd7 {[%clk 0:04:04]} 33. e4
{[%clk 0:33:14]} fxe4 {[%clk 0:02:20]} 34. Be3 {[%clk 0:32:52]} Be5
{[%clk 0:01:58]} 35. Nxc5 {[%clk 0:32:57]} Nxc5 {[%clk 0:01:43]} 36. Bxc5
{[%clk 0:33:23]} Bd7 {[%clk 0:01:20]} 37. Bxa7 {[%clk 0:33:45]} Kg7
{[%clk 0:01:42]} 38. Bc5 {[%clk 0:33:41]} Kf6 {[%clk 0:02:03]} 39. Kf2
{[%clk 0:33:56]} Bc3 {[%clk 0:01:20]} 40. Ke3 {[%clk 0:34:05]} Ke5
{[%clk 0:01:13]} 41. Bxe4 {[%clk 0:32:21]} Bd2+ {[%clk 0:01:38]} 42. Kf3
{[%clk 0:31:33]} Bc3 {[%clk 0:01:27]} 43. Bc2 {[%clk 0:31:15]} Kd5
{[%clk 0:00:45]} 44. Ba3 {[%clk 0:31:36]} Be5 {[%clk 0:01:09]} 45. Bb3+
{[%clk 0:31:47]} 1-0

[Event "Torneio Nacional de Mestres e Honra"]
[Site "Centro de Estagio do Jamor"]
[Date "2019.08.15"]
[Round "3.6"]
[White "Lavrador, Rodolfo"]
[Black "Bartolo, Filipe"]
[Result "1-0"]
[BlackElo "1705"]
[WhiteElo "1840"]
[WhiteTeam "Clube Edp - Lisboa"]
[BlackTeam "Gx Alekhine"]
[LiveChessVersion "1.4.8"]

1. e4 {[%clk 1:30:57]} c5 {[%clk 1:13:48]} 2. Nf3 {[%clk 1:30:51]} e6
{[%clk 1:14:04]} 3. Nc3 {[%clk 1:30:19]} Nc6 {[%clk 1:14:01]} 4. d4
{[%clk 1:30:26]} cxd4 {[%clk 1:14:23]} 5. Nxd4 {[%clk 1:30:49]} a6
{[%clk 1:14:10]} 6. Be2 {[%clk 1:30:34]} Nf6 {[%clk 1:14:32]} 7. Bg5
{[%clk 1:29:23]} Be7 {[%clk 1:14:54]} 8. Qd2 {[%clk 1:29:14]} O-O
{[%clk 1:15:04]} 9. O-O-O {[%clk 1:28:58]} Qc7 {[%clk 1:14:56]} 10. f4
{[%clk 1:28:04]} b5 {[%clk 1:13:37]} 11. a3 {[%clk 1:27:34]} Rd8 {[%clk 1:11:03]}
12. e5 {[%clk 1:26:38]} Ne8 {[%clk 1:11:16]} 13. Ne4 {[%clk 1:19:36]} Bxg5
{[%clk 1:03:04]} 14. Nxg5 {[%clk 1:19:06]} Bb7 {[%clk 1:02:17]} 15. Qd3
{[%clk 1:17:43]} g6 {[%clk 1:01:53]} 16. Qh3 {[%clk 1:17:38]} h5 {[%clk 1:00:24]}
17. Bxh5 {[%clk 1:14:15]} Nxd4 {[%clk 1:00:11]} 18. Rxd4 {[%clk 1:14:25]} gxh5
{[%clk 1:00:21]} 19. Qxh5 {[%clk 1:14:46]} d5 {[%clk 1:00:44]} 20. exd6
{[%clk 1:14:04]} Rxd6 {[%clk 1:00:49]} 21. Rxd6 {[%clk 1:14:02]} Nxd6
{[%clk 1:01:09]} 22. Qh7+ {[%clk 1:14:14]} Kf8 {[%clk 1:01:21]} 23. Nxe6+
{[%clk 1:14:25]} fxe6 {[%clk 1:01:09]} 24. Qxc7 {[%clk 1:14:42]} 1-0

[Event "Torneio Nacional de Mestres e Honra"]
[Site "Centro de Estagio do Jamor"]
[Date "2019.08.15"]
[Round "3.7"]
[White "Santos, Ruben"]
[Black "Dong, Rafael"]
[Result "1-0"]
[BlackElo "1432"]
[WhiteElo "1722"]
[WhiteTeam "Estrelas S. Joao Brito"]
[BlackTeam "Cx Sintra"]
[LiveChessVersion "1.4.8"]

1. a3 {[%clk 1:27:55]} d5 {[%clk 1:30:54]} 2. d4 {[%clk 1:27:40]} Nf6
{[%clk 1:31:18]} 3. Bf4 {[%clk 1:27:38]} c6 {[%clk 1:31:18]} 4. e3
{[%clk 1:27:57]} Bf5 {[%clk 1:31:42]} 5. Bd3 {[%clk 1:28:07]} Bg6
{[%clk 1:31:57]} 6. Nf3 {[%clk 1:27:41]} e6 {[%clk 1:32:07]} 7. O-O
{[%clk 1:27:48]} Bd6 {[%clk 1:32:19]} 8. Bg3 {[%clk 1:27:42]} Bxg3
{[%clk 1:32:29]} 9. fxg3 {[%clk 1:28:09]} Nbd7 {[%clk 1:32:15]} 10. Bxg6
{[%clk 1:27:14]} hxg6 {[%clk 1:32:42]} 11. Nbd2 {[%clk 1:27:05]} Qb6
{[%clk 1:31:39]} 12. b3 {[%clk 1:22:13]} e5 {[%clk 1:31:20]} 13. Qe2
{[%clk 1:20:59]} O-O-O {[%clk 1:19:17]} 14. Nxe5 {[%clk 1:18:15]} Nxe5
{[%clk 1:19:24]} 15. dxe5 {[%clk 1:18:42]} Ng4 {[%clk 1:19:36]} 16. Qxg4+
{[%clk 1:18:22]} Kb8 {[%clk 1:18:53]} 17. Rae1 {[%clk 1:17:31]} d4
{[%clk 1:15:23]} 18. Kh1 {[%clk 1:15:15]} dxe3 {[%clk 1:15:12]} 19. Nc4
{[%clk 1:15:41]} Qc5 {[%clk 1:14:01]} 20. Qf4 {[%clk 1:14:29]} e2
{[%clk 1:09:26]} 21. Rxe2 {[%clk 1:14:30]} Rxh2+ {[%clk 1:09:39]} 22. Kxh2
{[%clk 1:14:41]} Rh8+ {[%clk 1:10:02]} 23. Qh4 {[%clk 1:15:08]} Rxh4+
{[%clk 1:10:16]} 24. gxh4 {[%clk 1:15:19]} Qd4 {[%clk 1:08:08]} 25. Rxf7
{[%clk 1:14:19]} Qxh4+ {[%clk 1:08:27]} 26. Kg1 {[%clk 1:14:34]} Qd4+
{[%clk 1:08:16]} 27. Rff2 {[%clk 1:13:26]} b5 {[%clk 1:07:51]} 28. e6
{[%clk 1:11:56]} Qd1+ {[%clk 1:00:43]} 29. Kh2 {[%clk 1:11:21]} bxc4
{[%clk 1:01:01]} 30. e7 {[%clk 1:11:48]} Qd6+ {[%clk 1:01:16]} 31. g3
{[%clk 1:12:03]} 1-0

[Event "Torneio Nacional de Mestres e Honra"]
[Site "Centro de Estagio do Jamor"]
[Date "2019.08.15"]
[Round "3.8"]
[White "Aguiar, Carlos"]
[Black "Morais, Vitor"]
[Result "1/2-1/2"]
[BlackElo "1907"]
[WhiteElo "1821"]
[WhiteTeam "Gx Alekhine"]
[BlackTeam "Clube Edp - Lisboa"]
[LiveChessVersion "1.4.8"]

1. Nf3 d5 {[%clk 1:28:03]} 2. d4 {[%clk 1:31:10]} c6 {[%clk 1:28:23]} 3. c4
{[%clk 1:31:19]} Nf6 {[%clk 1:28:48]} 4. Nc3 {[%clk 1:31:40]} e6 {[%clk 1:29:08]}
5. Bg5 {[%clk 1:31:47]} Be7 {[%clk 1:29:28]} 6. cxd5 {[%clk 1:32:09]} cxd5
{[%clk 1:29:47]} 7. e3 {[%clk 1:32:21]} a6 {[%clk 1:30:03]} 8. Bd3
{[%clk 1:32:28]} O-O {[%clk 1:30:24]} 9. O-O {[%clk 1:32:50]} Nc6
{[%clk 1:30:45]} 10. Rc1 {[%clk 1:33:06]} h6 {[%clk 1:30:59]} 11. Bh4
{[%clk 1:32:51]} Bd7 {[%clk 1:31:11]} 12. h3 {[%clk 1:30:46]} Rc8
{[%clk 1:28:19]} 13. Qe2 {[%clk 1:28:19]} b5 {[%clk 1:28:00]} 14. Bg3
{[%clk 1:28:21]} Na5 15. b3 Bb4 {[%clk 1:27:30]} 16. h4 {[%clk 1:28:12]} Qb6
{[%clk 1:27:33]} 17. Nb1 {[%clk 1:27:57]} Rfd8 {[%clk 1:26:30]} 18. Ne5
{[%clk 1:26:54]} Rxc1 {[%clk 1:25:52]} 19. Rxc1 {[%clk 1:27:03]} Be7
{[%clk 1:25:52]} 20. Nxd7 {[%clk 1:26:14]} Rxd7 {[%clk 1:25:16]} 1/2-1/2

[Event "Torneio Nacional de Mestres e Honra"]
[Site "Centro de Estagio do Jamor"]
[Date "2019.08.15"]
[Round "3.9"]
[White "Horta, Antonio"]
[Black "Dong, Fabio"]
[Result "1/2-1/2"]
[BlackElo "1433"]
[WhiteElo "1843"]
[WhiteTeam "Amadora Xadrez"]
[BlackTeam "Cx Sintra"]
[LiveChessVersion "1.4.8"]

1. d4 {[%clk 1:30:49]} d5 {[%clk 1:30:45]} 2. Nf3 {[%clk 1:31:07]} c6
{[%clk 1:30:41]} 3. g3 {[%clk 1:31:26]} Nf6 {[%clk 1:30:54]} 4. Bg2
{[%clk 1:31:48]} Bf5 {[%clk 1:31:14]} 5. O-O {[%clk 1:32:11]} e6 {[%clk 1:31:35]}
6. c4 {[%clk 1:31:48]} h6 {[%clk 1:31:30]} 7. Nc3 {[%clk 1:30:38]} Nbd7
{[%clk 1:31:22]} 8. cxd5 {[%clk 1:30:32]} exd5 {[%clk 1:31:34]} 9. Bf4
{[%clk 1:30:09]} Be7 {[%clk 1:30:25]} 10. a3 {[%clk 1:23:30]} a5 {[%clk 1:29:56]}
11. Ne5 {[%clk 1:23:08]} g5 {[%clk 1:21:33]} 12. Bc1 {[%clk 1:15:47]} Nxe5
{[%clk 1:18:54]} 13. dxe5 {[%clk 1:16:06]} Nd7 {[%clk 1:18:11]} 14. e4
{[%clk 0:43:44]} dxe4 {[%clk 1:17:48]} 15. Bxe4 {[%clk 0:41:17]} Bxe4
{[%clk 1:17:40]} 16. Nxe4 {[%clk 0:41:40]} Nxe5 {[%clk 1:17:52]} 17. Be3
{[%clk 0:41:18]} O-O {[%clk 1:11:51]} 18. Qc2 {[%clk 0:28:46]} Qd3
{[%clk 1:09:03]} 19. Rac1 {[%clk 0:22:26]} Qxc2 {[%clk 1:02:57]} 20. Rxc2
{[%clk 0:22:55]} Rfd8 {[%clk 1:02:49]} 21. Bb6 {[%clk 0:16:29]} Rd5
{[%clk 1:01:59]} 22. Bc5 {[%clk 0:13:25]} Bxc5 {[%clk 1:01:44]} 23. Nf6+
{[%clk 0:13:45]} Kg7 {[%clk 1:01:05]} 24. Nxd5 {[%clk 0:14:08]} 1/2-1/2

[Event "Torneio Nacional de Mestres e Honra"]
[Site "Centro de Estagio do Jamor"]
[Date "2019.08.15"]
[Round "3.10"]
[White "Correia, Pedro"]
[Black "Guia, Artur"]
[Result "0-1"]
[BlackElo "1808"]
[WhiteElo "1525"]
[WhiteTeam "Axportugal /Atlantidiagon"]
[BlackTeam "Axportugal /Atlantidiagon"]
[LiveChessVersion "1.4.8"]

1. e4 {[%clk 1:30:50]} e5 {[%clk 1:09:35]} 2. Nf3 {[%clk 1:31:09]} Nc6
{[%clk 1:09:44]} 3. Bc4 {[%clk 1:31:17]} Bc5 {[%clk 1:10:08]} 4. c3
{[%clk 1:30:20]} Nf6 {[%clk 1:10:33]} 5. d4 {[%clk 1:28:40]} exd4
{[%clk 1:10:58]} 6. e5 {[%clk 1:28:20]} d5 {[%clk 1:10:28]} 7. exd6
{[%clk 1:15:50]} Qxd6 {[%clk 1:05:36]} 8. O-O {[%clk 1:14:24]} O-O
{[%clk 1:05:50]} 9. b4 {[%clk 1:10:30]} Bb6 {[%clk 1:05:58]} 10. a4
{[%clk 1:07:52]} dxc3 {[%clk 1:00:41]} 11. a5 {[%clk 1:04:46]} Qxd1
{[%clk 1:00:03]} 12. Rxd1 {[%clk 1:04:05]} c2 {[%clk 1:00:18]} 13. Rd2
{[%clk 1:02:31]} cxb1=Q 14. Rxb1 {[%clk 1:02:13]} Ne4 {[%clk 0:56:52]} 15. Re2
{[%clk 1:00:08]} Nc3 {[%clk 0:55:15]} 16. Bxf7+ {[%clk 0:58:50]} Kxf7
{[%clk 0:55:27]} 17. Ng5+ {[%clk 0:57:32]} Kg8 {[%clk 0:55:41]} 18. Re1
{[%clk 0:56:00]} Bxf2+ {[%clk 0:55:56]} 0-1